000 00434pab a2200169 454500
008 180718b1995 xxu||||| |||| 00| 0 eng d
100 _aGilbert, Mark
245 _aCredit enhancement of municipal debt
260 _c1995
300 _ap.195-203
362 _aSummer
650 _aLocal government - Canada
650 _aLocal government
700 _aPike, Richard
773 _aCanadian Public Administration
909 _a31957
999 _c31957
_d31957